00475nam a2200157Ia 4500100001600000942000700016366000900023654002000032245003000052260002000082082002200102300000800124546001700132999001700149952015100166 aADAIR/JOHN  cBK f17.5 atime management aEffective time management bPan Booksc1988 a658.4093/ADAbADA a164 aENGLISHcTTL c23394d23394 001040708CRCaCRCEbCRCEd2023-03-17eEducational books and periodicalsg185.63l0o658.4093/ADA ADAp19365r2023-03-17v225.00w0000-00-00yBK